| 000 | 00000nam 2200000za 4500 |
| 001 | 9.582439 |
| 003 | CaOODSP |
| 005 | 20210624192042 |
| 007 | cr ||||||||||| |
| 008 | 150406s20069999xxc|||||o f|0| 0 eng d |
| 020 | |a0-662-69605-0 |
| 040 | |aCaOODSP|beng |
| 041 | |aeng |
| 041 | |afre |
| 043 | |an-cn--- |
| 086 | 1 |aS52-2/260-PDF |
| 110 | 1 |aCanada. |bPublic Works and Government Services Canada. |bTranslation Bureau. |
| 245 | 10|aPassport Canada glossary |h[electronic resource] / |c[by] Mario Drolet in collaboration with Caroline N. Gagné. |
| 260 | |aOttawa : |bPublic Works and Government Services Canada, |c2006. |
| 300 | |a176 p. |
| 490 | 1 |aTerminology bulletin|vNo. 260 |
| 500 | |a"...contains 1 805 entries that were taken from Passport Canada's Web site, its annual reports and documentation provided by the client." -- Introd. |
| 590 | |a07-04-Supp|b2007-06-29 |
| 690 | 07|aTerminology|2gcpds |
| 690 | 07|aPassports|2gcpds |
| 700 | 1 |aDrolet, Mario. |
| 700 | 1 |aGagné, Caroline N. |
| 792 | |tLexique de Passeport Canada |efre|w(CaOODSP)9.582440 |
| 830 | #0|aTerminology bulletin ;|vNo. 260|w(CaOODSP)9.500139 |
| 856 | 40|ahttp://publications.gc.ca|qPDF|s1000 KB|uhttps://publications.gc.ca/collections/Collection/S52-2-260.pdf|yNo. 260 |